Código Social
Gardado en:
| Autor Corporativo: | |
|---|---|
| Formato: | Libro |
| Idioma: | Lingua castelá |
| Publicado: |
Santiago
Liga Social de Chile
1932
|
| Subjects: | |
| Tags: |
Engadir etiqueta
Sen Etiquetas, Sexa o primeiro en etiquetar este rexistro!
|
MARC
| LEADER | 00000nam a2200000 a 4500 | ||
|---|---|---|---|
| 001 | UCL3259 | ||
| 003 | CL-VaPUC | ||
| 008 | 031121e19320000CL |||||||||||||||||spa|d | ||
| 082 | 0 | 4 | |a 261.1 |b LIG |2 21 |
| 110 | 2 | |a Liga Social de Chile |e author |9 480561 | |
| 245 | 1 | 0 | |a Código Social |
| 300 | |a 60 p | ||
| 942 | |c BK | ||
| 945 | |d 20031121 00:00:00 |a vberengu | ||
| 260 | |a Santiago |b Liga Social de Chile |c 1932 | ||
| 650 | 0 | |a Doctrina social de la iglesia |9 257333 | |
| 650 | 0 | |a Sociedad |9 307903 | |
| 650 | 0 | |a Economía |9 255568 | |
| 650 | 0 | |a Familias |9 255641 | |
| 650 | 0 | |a Moral social |9 310700 | |
| 583 | |a last modification |c 20031121 00:00:00 |k Rodrigo Vera | ||
| 999 | |c 306371 |d 306369 | ||
| 952 | |0 0 |1 0 |4 0 |6 261_100000000000000_LIG_1932 |7 0 |8 P |9 371332 |a BIBTEO |b BIBTES |c TEO_FTES |d 2019-11-21 |i 2095025 |o 261.1 LIG 1932 |p 2095025 |r 2024-01-18 |w 2019-11-21 |y BK |k ICR | ||